B51_東京から見て南南東にある市区町村 - Statistics

General Stats
  • This quiz has been taken 12 times
  • The average score is 6 of 6
Answer Stats
東京
からの
方位角
東京
からの
距離
都道府県 種類 市区町村名 % Correct
165.5 9.7 東京都 特別区 品川区
100%
149.9 40.1 千葉県 木更津市
100%
165.4 982.3 東京都 小笠原村
100%
150.7 73.7 千葉県 鴨川市
92%
155.8 44.2 千葉県 君津市
83%
162.1 45.4 千葉県 富津市
83%
No matching quizzes found
Score Distribution
Percent of People with Each Score
Percentile by Number Answered
Your Score History
You have not taken this quiz